000 00319nam a2200157Ia 4500
100 _aLaxman/R.K
650 _aFiction
942 _cBK
366 _f17.5
245 _aCommon man takes a stroll
260 _bPenguin Books
_c1999
082 _a808.83/LAX
_bLAX
300 _a208
546 _aENGLISH
999 _c20882
_d20882